englands victims - Statistics

General Stats
  • This quiz has been taken 11 times
  • The average score is 16 of 26
Answer Stats
Answer % Correct
1966 portugal
100%
1962 argentina
89%
1966 argentina
89%
2002 argentina
89%
1966 west germany
89%
1950 chile
78%
1966 france
78%
1982 france
78%
1990 belgium
67%
1998 colombia
67%
2002 denmark
67%
2006 ecuador
67%
1986 paraguay
67%
2006 paraguay
67%
1986 poland
67%
1970 romania
67%
2010 slovenia
67%
2006 trinidad and tobago
67%
1990 cameroon
56%
1966 mexico
44%
1954 switzerland
44%
1990 egypt
33%
1998 tunisia
33%
1970 czechoslovakia
22%
1982 czechoslovakia
22%
1982 kuwait
11%
No matching quizzes found
Score Distribution
Percent of People with Each Score
Percentile by Number Answered
Your Score History
You have not taken this quiz